[Event "American Continental 15th"]
[Site "Sao Paulo"]
[Date "2019.07.05"]
[Round "1"]
[White "Takano, Nicholas Ryo"]
[Black "Supi, Luis Paulo"]
[Result "0-1"]
[WhiteElo "2077"]
[BlackElo "2562"]
[PlyCount "58"]
[EventDate "2019.07.05"]
[EventType "swiss"]
[EventRounds "11"]
[EventCountry "BRA"]
[SourceTitle "CBM 191 Extra"]
[Source "ChessBase"]
[SourceDate "2019.09.30"]
[SourceVersion "1"]
[SourceVersionDate "2019.09.30"]
[SourceQuality "1"]

1. e4 c5 2. Nf3 e6 3. d4 cxd4 4. Nxd4 a6 5. Nc3 Qc7 6. Bd3 Bc5 7. Nb3 Be7 8. 0-0 d6 9. Qe2 Nf6 10. Bd2 Nc6 11. Kh1 0-0 12. f4 b5 13. a3 Bb7 14. Rae1 g6 15. Rf3 Rfe8 16. Rh3 Bf8 17. a4 bxa4 18. Nxa4 Bg7 19. Bc3 e5 20. fxe5 Nxe5 21. Na5 Bc8 22. Rg3 Bd7 23. Ra1 d5 24. Rg5 Neg4 25. g3 Nxe4 26. Bxe4 Rxe4 27. Qf3 Rae8 28. Bxg7 Re1+ 29. Rxe1 Rxe1+ 0-1

[Event "BRA-ch U16"]
[Site "Juiz de Fora"]
[Date "2019.04.21"]
[Round "6"]
[White "Takano, Nicholas Ryo"]
[Black "Tomiello, Mateus Costamilan"]
[Result "0-1"]
[WhiteElo "2051"]
[BlackElo "2026"]
[PlyCount "94"]
[EventDate "2019.04.18"]
[EventType "swiss"]
[EventRounds "6"]
[EventCountry "BRA"]
[SourceTitle "CBM 190 Extra"]
[Source "ChessBase"]
[SourceDate "2019.07.15"]
[SourceVersion "1"]
[SourceVersionDate "2019.07.15"]
[SourceQuality "1"]

1. e4 c5 2. Nf3 d6 3. d4 cxd4 4. Nxd4 Nf6 5. Nc3 a6 6. Be3 e6 7. f3 Nbd7 8. Qd2 b5 9. 0-0-0 Bb7 10. g4 h6 11. h4 b4 12. Na4 d5 13. exd5 Nxd5 14. Bc4 Ne5 15. Bb3 Qc7 16. Qe2 Rc8 17. Rhe1 Be7 18. Bf2 Ng6 19. Kb1 Ngf4 20. Qd2 0-0 21. Bg3 Rfd8 22. Bxd5 Rxd5 23. Bxf4 e5 24. Qe2 exf4 25. Qxe7 Rxd4 26. Qxc7 Rxd1+ 27. Rxd1 Rxc7 28. Rd4 g5 29. hxg5 hxg5 30. Rd3 Re7 31. c4 Re3 32. Rd8+ Kg7 33. c5 Bxf3 34. Kc2 Bxg4 35. c6 f3 36. Rd2 Re6 37. a3 Rxc6+ 38. Kb3 bxa3 39. bxa3 Be6+ 40. Kb4 Rc4+ 41. Ka5 g4 42. Nb2 Re4 43. Rc2 g3 44. Rc5 g2 45. Rg5+ Kf6 46. Rg3 Rg4 47. Rxf3+ Kg7 0-1

[Event "BRA-ch U16"]
[Site "Juiz de Fora"]
[Date "2019.04.19"]
[Round "3"]
[White "Filgueiras, Nathan Felipe"]
[Black "Takano, Nicholas Ryo"]
[Result "1/2-1/2"]
[WhiteElo "2165"]
[BlackElo "2051"]
[PlyCount "35"]
[EventDate "2019.04.18"]
[EventType "swiss"]
[EventRounds "6"]
[EventCountry "BRA"]
[SourceTitle "CBM 190 Extra"]
[Source "ChessBase"]
[SourceDate "2019.07.15"]
[SourceVersion "1"]
[SourceVersionDate "2019.07.15"]
[SourceQuality "1"]

1. e4 c5 2. Nf3 g6 3. d4 cxd4 4. Nxd4 Nc6 5. c4 Nf6 6. Nc3 d6 7. Be2 Nxd4 8. Qxd4 Bg7 9. Be3 0-0 10. Qd2 a5 11. f3 a4 12. Rc1 Be6 13. 0-0 Qa5 14. Nd5 Qxd2 15. Bxd2 Nxd5 16. cxd5 Bd7 17. Rc7 Rfd8 18. Rxb7 1/2-1/2

[Event "Sao Paulo-chT"]
[Site "Sao Paulo"]
[Date "2019.02.24"]
[Round "3.4"]
[White "Jorge, Marcos Guilherme Mo"]
[Black "Takano, Nicholas Ryo"]
[Result "1-0"]
[WhiteElo "1600"]
[BlackElo "2075"]
[PlyCount "129"]
[EventDate "2019.02.23"]
[EventType "team-tourn"]
[EventRounds "7"]
[EventCountry "BRA"]
[SourceTitle "CBM 189 Extra"]
[Source "ChessBase"]
[SourceDate "2019.06.03"]
[SourceVersion "1"]
[SourceVersionDate "2019.06.03"]
[SourceQuality "1"]
[WhiteTeam "Sao Jose FIP"]
[BlackTeam "Espaco Xadrez Total"]
[WhiteTeamCountry "BRA"]
[BlackTeamCountry "BRA"]

1. e4 c5 2. Nf3 g6 3. d4 cxd4 4. Nxd4 Nc6 5. Be3 Bg7 6. Nc3 Nf6 7. Be2 0-0 8. Nb3 d6 9. 0-0 a6 10. a4 b6 11. f4 Bb7 12. g4 Re8 13. g5 Nd7 14. Qd2 Nc5 15. Nxc5 dxc5 16. Rad1 Nd4 17. Bg4 e6 18. Qf2 Qc7 19. Rd2 Qc6 20. Bh3 Nf5 21. Bxf5 gxf5 22. h4 Bxc3 23. bxc3 Qxe4 24. Kh2 Red8 25. a5 Rxd2 26. Qxd2 Re8 27. axb6 e5 28. Kg3 exf4+ 29. Bxf4 Kg7 30. h5 h6 31. g6 fxg6 32. Bxh6+ Kh8 33. Rf4 Qc6 34. c4 Rg8 35. Bg5 gxh5 36. Rxf5 h4+ 37. Kxh4 Qe4+ 38. Qf4 Qh1+ 39. Kg3 Qg1+ 40. Kh4 Qe1+ 41. Qf2 Qh1+ 42. Kg3 Bc8 43. Qxc5 Qe1+ 44. Kf3 Qf1+ 45. Kg4 Qg2+ 46. Kf4 Qd2+ 47. Ke4 Qg2+ 48. Kf4 Qd2+ 49. Ke4 Re8+ 50. Re5 Bb7+ 51. Kf5 Qd7+ 52. Kf6 Qd8+ 53. Kg6 Rg8+ 54. Kh6 Qf8+ 55. Qxf8 Rxf8 56. Re7 Bc6 57. Rh7+ Kg8 58. Rg7+ Kh8 59. Rc7 Bf3 60. Be7 Re8 61. c5 Kg8 62. b7 Kf7 63. Bd6+ Kf6 64. Rc8 Re1 65. Rf8+ 1-0